01125nam a2200241 a 4500001001000000005001700010041000800027044000700035084002000042100003700062245014800099260003700247300001700284500014600301500015200447500003700599500001000636650005200646650005600698650003400754650004500788740005000833BRCA_345320190320204306.0 aspa asp a742b.R53c17921 aRibero y Larrea, Alonso Bernardo10aHistoria fabulosa del distinguido caballero Don Pelayo Infanzón de la Vega, Quixote de la Cantabriabpor Don Alonso Bernardo Ribero y Larrea. aMadridbViuda de Ibarrac1792-93 a2 v.c17 cm. aContenido : v.1 Dedicatoria del autor al excelentísimo Señor D. Diego Fernández de Velasco... Prólogo del autor. Texto. -- v.2. Texto aEs una sátira contra la manía nobiliaria a que parecen estar predispuestos los asturianos. Piel; lomeras decoradas con dorados Lúdovik Osterc aCon ex-libris de : Holland House aQMB3414aNovela españolayÉpoca clásica, 1500-170014aLiteratura españolayÉpoca clásica, 1500-170014aNovela españolaySiglo XVII14aDon Quijote (Personaje ficticio)eNovela0 aEl Ingenioso Hidalgo Don Quijote de la Mancha